Países que se escriben igual en inglés y español - Estadísticas

Estadísticas generales
  • Esta prueba ha sido intentada 23 veces
  • La puntuación promedio es 65 de 91
Estadísticas de respuestas
# País % Correcto
. Argentina
95%
. China
95%
. México
95%
. Australia
89%
. Bolivia
89%
. Colombia
89%
. Portugal
89%
. Uruguay
89%
. Venezuela
89%
. Armenia
84%
. Chad
84%
. Chile
84%
. El Salvador
84%
. Guatemala
84%
. India
84%
. Madagascar
84%
. Níger
84%
. Nigeria
84%
. Paraguay
84%
. Perú
84%
. Sudán
84%
. Andorra
79%
. Austria
79%
. Canadá
79%
. Costa Rica
79%
. Cuba
79%
. Ecuador
79%
. Guinea
79%
. Israel
79%
. Malí
79%
. Panamá
79%
. San Marino
79%
. Senegal
79%
. Somalia
79%
. Vanuatu
79%
. Angola
74%
. Benín
74%
. Guyana
74%
. Irán
74%
. Mauritania
74%
. Nicaragua
74%
. Zambia
74%
. Albania
68%
. Bahamas
68%
. Barbados
68%
. Bulgaria
68%
. Eritrea
68%
. Gambia
68%
. Guinea-Bissau
68%
. Haití
68%
. Indonesia
68%
. Jamaica
68%
. Kiribati
68%
. Laos
68%
. Namibia
68%
. Nauru
68%
. Nepal
68%
. Serbia
68%
. Taiwán
68%
. Tanzania
68%
. Tuvalu
68%
. Vietnam
68%
. Yemen
68%
. Burkina Faso
63%
. Georgia
63%
. Ghana
63%
. Kosovo
63%
. Malta
63%
. Mozambique
63%
. Omán
63%
. Pakistán
63%
. Togo
63%
. Tonga
63%
. Gabón
58%
. Honduras
58%
. Kuwait
58%
. Liechtenstein
58%
. Mónaco
58%
. Seychelles
58%
. Turkmenistán
58%
. Uzbekistán
58%
. Dominica
53%
. Estonia
53%
. Liberia
53%
. Mongolia
53%
. Montenegro
53%
. Samoa
53%
. Sri Lanka
53%
. Uganda
53%
. Brunei
47%
. Myanmar
47%
No se encontraron pruebas coincidentes
Distribución de puntuación
Porcentaje de gente con cada puntuación
Porcentaje por número respondido
Historial de tus puntuaciones
No has intentado esta prueba.